QUEST Central Library Banner

A First French (Record no. 57316)

MARC details
000 -LEADER
fixed length control field 00173nam a22000977a 4500
100 ## - MAIN ENTRY--AUTHOR NAME
Personal name Wilson
245 ## - TITLE STATEMENT
Title A First French
260 ## - PUBLICATION, DISTRIBUTION, ETC. (IMPRINT)
Year of publication 1984
300 ## - PHYSICAL DESCRIPTION
Number of Pages 509p. ;
942 ## - ADDED ENTRY ELEMENTS (KOHA)
Koha item type Books
Holdings
Withdrawn status Lost status Home library Current library Date acquired Full call number Accession Number Koha item type
    Central Library, QUEST, Nawabshah Central Library, QUEST, Nawabshah 13/01/2017 WIL D1743 Books

Copyright © 2018,The QUEST, Nawabshah, Shaheed Benazirabad. All rights reserved
Mr. G. Farooq Channar (Librarian) QUEST, Nawabshah, Sindh, Pakistan 67480.
 Ph#: |   0244-9370381-4 Ext. 2308   Email| lib@quest.edu.pk   Web|  http://www.quest.edu.pk